Pasos de la Semana Santa de León - Estadísticas

Estadísticas generales
  • Esta prueba ha sido intentada 37 veces
  • La puntuación promedio es 55 de 96
Estadísticas de respuestas
Respuesta % Correcto
Nuestro Padre Jesús Nazareno
92%
Nuestro Señor Jesús Nazareno
92%
Nuestra Señora de la Soledad
88%
Virgen de la Soledad
88%
La Oración en el Huerto
80%
La Oración en el Huerto
80%
San Juan
80%
San Juan
80%
San Juan
80%
San Juan Evangelista
80%
San Juan Evangelista
80%
Virgen de las Angustias
80%
El Santo Sepulcro
76%
La Cruz Gloriosa
76%
La Exaltación de la Cruz
76%
La Piedad
76%
La Sagrada Cena
76%
La Santa Cruz
76%
Nuestra Madre de la Piedad
76%
Nuestra Señora de la Piedad
76%
Santísima Cruz de la Esperanza
76%
Santo Sepulcro
76%
Séptima Palabra
76%
El Lavatorio
72%
Nuestro Señor Jesús de la Redención
72%
Santo Cristo de la Agonía
72%
Santo Cristo del Desenclavo
72%
Santo Cristo del Desenclavo
72%
Cristo del Perdón
68%
El Prendimiento
68%
La Crucifixión
68%
La Dolorosa
68%
La Verónica
68%
Santo Cristo de la Bienaventuranza
68%
Virgen de las Lágrimas
68%
Primera Palabra
64%
Quinta Palabra
64%
Segunda Palabra
64%
Sexta Palabra
64%
Tercera Palabra
64%
Cristo del Gran Poder
60%
Cristo Yacente
60%
Cuarta Palabra
60%
El Descendimiento
60%
La Casa de Betania
60%
La Coronación de Espinas
60%
Santísimo Cristo Esperanza de la Vida
60%
Virgen del Gran Poder
60%
Ecce Homo
56%
La Borriquita
56%
La Sagrada Lanzada
56%
Nuestro Padre Jesús de Medinaceli "El Silencio"
56%
Unción en Betania
56%
Virgen de la Amargura
56%
La Flagelación
52%
La Resurrección
52%
Las Marías
52%
Lignum Crucis
52%
María Santísima de la Misericordia
52%
Nuestra Señora de la Esperanza
52%
Nuestro Padre Jesús de la Esperanza
52%
Nuestro Padre Jesús de la Misericordia
52%
Virgen del Camino, Esperanza Nuestra
52%
El Expolio
48%
Las Tres Marías
48%
María Santísima del Dulce Nombre y San Juan Evangelista
48%
Nuestra Madre de la Divina Gracia
48%
Nuestra Señora de la Vera Cruz
48%
Santo Cristo Flagelado del Desamparo y de la Caridad
48%
Nuestra Señora del Mercado Coronada
44%
Nuestro Padre Jesús de la Esperanza Cautivo ante Anás
44%
Santísimo Cristo de la Expiración
44%
Camino del Sepulcro
40%
Consolación de María
40%
Jesús consuela a las Mujeres de Jerusalén
40%
Jesús Nazareno "El Dainos"
40%
Los Atributos
40%
Madre de la Paz
40%
María Santísima del Mayor Dolor en su Soledad
40%
Nuestra Señora de la Luz
40%
Nuestro Señor Jesús de la Salud
40%
Santo Cristo
40%
Nuestra Madre María Santísima del Desconsuelo
36%
Nuestro Padre Jesús de la Humillación y Paciencia
36%
Santo Cristo de las Injurias
36%
El Hombre Nuevo
32%
Jesús del Via Crucis
32%
Los Apóstoles
28%
Santísimo Cristo de la Paz y la Misericordia en su Traslado al Sepulcro
28%
Virgen de los Reyes
28%
Cristo de la Esperanza
24%
Cristo Despojado
24%
La Condena de Cristo
24%
María Santísima de la Piedad Amparo de los Leoneses y del Milagro
24%
Expulsión del Templo
16%
La Mujer Piadosa
16%
No se encontraron pruebas coincidentes
Distribución de puntuación
Porcentaje de gente con cada puntuación
Porcentaje por número respondido
Historial de tus puntuaciones
No has intentado esta prueba.